| 000 | 00720cam a2200241 4500500 | ||
|---|---|---|---|
| 005 | 20260405004059.0 | ||
| 041 | _afre | ||
| 042 | _adc | ||
| 100 | 1 | 0 |
_aMuras, Stéphane _eauthor |
| 245 | 0 | 0 | _aSyllogismes et prémisses |
| 260 | _c2021. | ||
| 500 | _a34 | ||
| 690 | _aArgumentation | ||
| 690 | _aArguments | ||
| 690 | _aDébat | ||
| 690 | _aÉloquence | ||
| 690 | _aMéthode | ||
| 690 | _aRhétorique | ||
| 690 | _aStéphane Muras | ||
| 690 | _aSyllogisme | ||
| 786 | 0 | _nPhilosophie magazine - Hors séries | Hors-série Autome-hiver 2021 | HS51 | 2021-10-01 | p. 24-24 | 2104-9246 | |
| 856 | 4 | 1 | _uhttps://shs.cairn.info/magazine-philosophie-magazine-2021-hs51-page-24?lang=fr&redirect-ssocas=7080 |
| 999 |
_c2073519 _d2073518 |
||